000 00914nam a2200241Ia 4500
999 _c40503
_d40503
001 7114
003 GE_BSU
005 20230915123229.0
008 181216s2012||||ge |||||||||||||| ||geo||
020 _a9789941196591
040 _cGE_BSU
041 _ageo
080 _a821.353.1-2 ჭ-46
100 _aჭილაძე, თამაზ
_918933
245 _aდრამატურგია :
_bტ.6 /
_cსარედ. ჯგუფი : ზურაბ აბაშიძე ; მანანა ჯანელიძე ; ირმა ხარშილაძე.
260 _a.
264 _aთბილისი :
_bპალიტრა L,
_c2012.
300 _a424 გვ. :
_bფოტო გარეკანზე ;
_c20 სმ.
490 _aჩემი რჩეული
_vტ. 60
_xISSN : 2233-3037
541 _h8ლ.
653 _aდრამატურგია
942 _cBK
_2udc